Can you name the Taylor Swift Song from the album + track number? - Statistics

General Stats
  • This quiz has been taken 89 times
  • The average score is 8 of 11
Answer Stats
Question Answer % Correct
Track 1 on 1989 (Taylor's Version)? Welcome To New York
100%
Track 7 on The Tortured Poets Department? Fresh Out the Slammer
83%
Track 2 on Taylor Swift (debut)? Picture To Burn
83%
Track 5 on evermore? tolerate it
83%
Track 3 on Midnights? Anti-Hero
78%
Track 8 on Lover? Paper Rings
78%
Track 4 on reputation? Don't Blame Me
72%
Track 9 on Red (Taylor's Version)? Stay Stay Stay
67%
Track 10 on Speak Now (Taylor's Version)? Better Than Revenge
61%
Track 11 on folklore? invisible string
61%
Track 6 on Fearless (Taylor's Version)? You Belong With Me
61%
No matching quizzes found
Score Distribution
Percent of People with Each Score
Percentile by Number Answered
Your Score History
You have not taken this quiz